Ordenamiento jurídico de la integración económica regional en América Latina: CARICOM - SELA - Cuenca del Plata - Cooperación Amazónica /

Kaydedildi:
Detaylı Bibliyografya
Kurumsal yazarlar: Banco Interamericano de Desarrollo. Instituto para la integración de América Latina, BID. INTAL
Materyal Türü: Metin
Baskı/Yayın Bilgisi: Buenos Aires: BID. INTAL
Etiketler: Etiketle
Etiket eklenmemiş, İlk siz ekleyin!

MARC

LEADER 00000 a a2200000 04500
001 23053
003
040
090 |a 157902  
110 |a Banco Interamericano de Desarrollo. Instituto para la integración de América Latina  
245 |a Ordenamiento jurídico de la integración económica regional en América Latina: CARICOM - SELA - Cuenca del Plata - Cooperación Amazónica /  |c Banco Interamericano de Desarrollo. Instituto para la integración de América Latina  
260 |a Buenos Aires:   |b BID. INTAL  
300 |a 195 p; v. II  
710 |a BID. INTAL  
999 |c 4984  |d 4984